| 000 | 01365nam0a22003251 4500 | ||
|---|---|---|---|
| 001 | v19\rc\1844369 | ||
| 005 | 20251118180031.9 | ||
| 035 | _a(NLR Aleph) 004937265 | ||
| 090 |
_a5742920 _c5742920 |
||
| 100 | _a20071224d1908 u y0rusy50 ca | ||
| 101 | 0 | _arus | |
| 102 | _aRU | ||
| 105 | _aa z ||||| | ||
| 200 | 1 |
_aУчение о клеточных ядах в офтальмологии _eЭксперим. исслед. о влиянии кровяных сывороток на глаз _f[Соч.] Владимира Филатова _gИз лаб. Глаз. клиники Имп. Новорос. ун-та (Дир.: проф. С.С. Головин) |
|
| 210 |
_aОдесса _cтип. "Техник" _d1908 |
||
| 215 |
_aXII, 402 с., 7 л. ил. _d26 |
||
| 316 |
_aЭкз. РНБ (132/5478): с автогр. авт. _5NLR: 132/5478 |
||
| 320 | _aБиблиогр.: "Литература" (с. 391-398) | ||
| 700 | 1 |
_aФилатов _bВ.П. _f1875-1956 _gВладимир Петрович |
|
| 702 | 1 |
_aГоловин _bС.С. _f1866-1931 _gСергей Селиванович _4570 |
|
| 801 | 0 |
_aRU _bNLR _gpsbo |
|
| 801 | 0 |
_aRU _bRuMoRGB _2psbo |
|
| 801 | 1 |
_aRU _bProSoft-M _2rusmarc |
|
| 852 |
_aNLR _j38.49.1.70 |
||
| 852 |
_aNLR _j132/5478 |
||
| 899 |
_aRuMoRGB _jU 7/137 |
||
| 899 |
_aRuMoRGB _jU 475/179 |
||
| 899 | _aБАН | ||
| 942 | _cBOOK | ||
| 980 | _aNB | ||